000 00941nas a2200289 4500
001 BR2022000452
003 BR-BrBNA
005 20231205132245.0
007 ta
008 230509b bl.|||p| |||| 00| 00por d
040 _aBR-BrBNA
_bpor
_cBiblioteca Nacional de Agricultura
041 _a(Pt)
072 _aF60
100 1 _aCosta, S.M.L.
100 1 _aFerreira, M. de C.
100 1 _aPasin, L.A.A.P.
245 1 _aAvaliação do potencial alelopático de ingá sobre o desenvolvimento inicial de espécies arbóreas
650 _aESPÉCIE NATIVA
650 _aINGÁ
650 _aALELOPATIA
650 _aPROPRIEDADE FÍSICO-QUÍMICA
650 _aFISIOLOGIA VEGETAL
773 0 _tActa Iguazu (Brazil)
_xISSN 2316-4093
_g(2015), v. 4(1) p. 1-13
_wBR2022000452
856 4 0 _uhttps://e-revista.unioeste.br/index.php/actaiguazu/article/view/12194/8465
909 _a202311
_bLúcia
_c55
_dLúcia Elande
942 _2AGRIS
_n0
_cANA
999 _c259332
_d259332